Abbreviation Processes in English Economic Text (Acronymization and Initialization) diplomová práca

Na minha lista:
Detalhes bibliográficos
Autor principal: Hrkeľová, Veronika
Autor Corporativo: Fakulta aplikovaných jazykov EU v Bratislave. Katedra jazykovedy a translatológie
Outros Autores: Lančarič, Daniel
Formato: Livro
Idioma:inglês
Publicado em: Bratislava 2015
Tags: Adicionar Tag
Sem tags, seja o primeiro a adicionar uma tag!

MARC

LEADER 00000nbm a2200000 4500
001 0201040
005 20161212094235.0
041 0 |a eng 
044 |a SK 
245 1 0 |a Abbreviation Processes in English Economic Text (Acronymization and Initialization)  |b diplomová práca  |c Veronika Hrkeľová ; školiteľ: Daniel Lančarič 
264 1 |a Bratislava  |c 2015 
300 |a 56 s. 
100 1 |a Hrkeľová, Veronika 
700 1 |a Lančarič, Daniel 
710 2 |a Fakulta aplikovaných jazykov EU v Bratislave. Katedra jazykovedy a translatológie